[Event "Baden-ch U12"]
[Site "Karlsruhe"]
[Date "2012.01.04"]
[Round "5"]
[White "Zimmermann, Robin"]
[Black "Jurga, Jonas Vincent"]
[Result "1-0"]
[WhiteElo "838"]
[BlackElo "1138"]
[PlyCount "57"]
[EventDate "2012.01.03"]
[EventType "swiss"]
[EventRounds "7"]
[EventCountry "GER"]
[SourceTitle "EXT 2015"]
[Source "ChessBase"]
[SourceDate "2014.11.20"]
[SourceVersion "1"]
[SourceVersionDate "2014.11.20"]
[SourceQuality "1"]

1. e4 c5 2. Nf3 d6 3. Nc3 Nf6 4. Be2 g6 5. 0-0 Bg7 6. h3 0-0 7. d4 cxd4 8. Nxd4 e5 9. Nf3 Be6 10. Bg5 d5 11. Bxf6 Bxf6 12. exd5 Bf5 13. Bd3 e4 14. Bxe4 Bxe4 15. Nxe4 Bxb2 16. Rb1 Bg7 17. Rxb7 Nd7 18. Re1 Nb6 19. d6 f5 20. Nc5 Re8 21. Ne6 Qf6 22. Rxg7+ Kh8 23. Nfg5 Qxg7 24. Nxg7 Rxe1+ 25. Qxe1 Kxg7 26. Qe7+ Kh6 27. f4 Rh8 28. Nf7+ Kh5 29. Qg5# 1-0

[Event "Baden-ch U12"]
[Site "Karlsruhe"]
[Date "2012.01.04"]
[Round "3"]
[White "Zimmermann, Robin"]
[Black "Riegel, Arinna"]
[Result "0-1"]
[WhiteElo "838"]
[BlackElo "1274"]
[PlyCount "120"]
[EventDate "2012.01.03"]
[EventType "swiss"]
[EventRounds "7"]
[EventCountry "GER"]
[SourceTitle "EXT 2015"]
[Source "ChessBase"]
[SourceDate "2014.11.20"]
[SourceVersion "1"]
[SourceVersionDate "2014.11.20"]
[SourceQuality "1"]

1. e4 d5 2. d4 dxe4 3. Nc3 Nf6 4. Bc4 Bg4 5. Be2 Bxe2 6. Ngxe2 e6 7. Bg5 Bb4 8. a3 Ba5 9. b4 Bb6 10. Nxe4 Nbd7 11. c4 a6 12. c5 Ba7 13. 0-0 h6 14. Nxf6+ Nxf6 15. Be3 0-0 16. Nc3 c6 17. Qf3 Bb8 18. g3 e5 19. dxe5 Bxe5 20. Ne4 Nxe4 21. Qxe4 Bxa1 22. Rxa1 Qf6 23. Rd1 Rad8 24. Bd4 Qg6 25. Qe7 Qg4 26. Rf1 Qxd4 27. Qxb7 Qd7 28. Qxa6 Ra8 29. Qe2 Rxa3 30. Rd1 Qb7 31. Rd4 Ra1+ 32. Kg2 Rb1 33. g4 Rxb4 34. Rd6 Qc8 35. h3 Rb5 36. Qe3 Re8 37. Qd4 Rb7 38. g5 hxg5 39. Qd2 Rb3 40. f3 Qf5 41. Qd1 Rb2+ 42. Rd2 Rxd2+ 43. Qxd2 Qxc5 44. Kf1 Qe3 45. Qd1 Re5 46. Qd8+ Kh7 47. Qd1 Rf5 48. Qc2 Qxf3+ 49. Kg1 Qf1+ 50. Kh2 Qf2+ 51. Qxf2 Rxf2+ 52. Kg3 Rf6 53. h4 gxh4+ 54. Kh3 c5 55. Kxh4 c4 56. Kg5 c3 57. Kg4 c2 58. Kg3 c1Q 59. Kh3 Qg1 60. Kh4 Rh6# 0-1